000 00773nam a22002897a 4500
001 BR9510710
003 BR-BrBNA
005 20230928094832.0
007 ta
008 230509b bl.||||| |||| 00| 0 por d
040 _aBR-BrBNA
_bpor
_cBiblioteca Nacional de Agricultura
041 _a(Por)
072 _aF60; K10
_b2480
_b8909
090 _ 2480 BR9510710
100 1 _aButtery, B.R.
100 1 _aBoatman, S.G.
110 1 _aFundacao Cargill, Campinas, SP (Brasil)
245 1 _aDeficits hidricos e fluxo de latex
260 3 _aCampinas, SP (Brasil):
_c1985.
300 _a120 P.
500 _aBibliography p. 98-120; 11 illus.
650 _aSeringueira
650 _aLatex
650 _aSangria
909 _a202309
_bLucia
_c55
_dLucia Elande
942 _cBK
999 _c52925
_d52925